| 000 | 00000nam 2200000zi 4500 |
| 001 | 9.946718 |
| 003 | CaOODSP |
| 005 | 20250110120524 |
| 006 | m o d f |
| 007 | cr |n||||||||| |
| 008 | 250110s1938 onca o f000 0 eng d |
| 040 | |aCaOODSP|beng|erda|cCaOODSP |
| 043 | |an-cn-sn |
| 086 | 1 |aA52-210/1938E-PDF |
| 086 | 1 |zA51-140E-PDF |
| 100 | 1 |aCameron, John, |eauthor. |
| 245 | 10|aExperimental Sub-station, Regina, Sask. : |bresults of experiments, 1931-1936 inclusive / |cJohn Cameron. |
| 264 | 1|aOttawa : |bMinister of Agriculture, |c1938 |
| 300 | |a1 online resource (21 pages) : |billustrations |
| 336 | |atext|btxt|2rdacontent |
| 337 | |acomputer|bc|2rdamedia |
| 338 | |aonline resource|bcr|2rdacarrier |
| 500 | |aDigitized edition from print [provided by Agriculture and Agri-Food Canada]. |
| 610 | 25|bDominion Experimental Substation (Regina, Sask.) |
| 650 | 0|aAgricultural experiment stations|zSaskatchewan|zRegina. |
| 650 | 6|aStations agronomiques|zSaskatchewan|zRegina. |
| 710 | 2 |bDominion Experimental Substation (Regina, Sask.), |eissuing body. |
| 710 | 2 |aDominion Experimental Farms and Stations (Canada), |eissuing body. |
| 856 | 40|qPDF|s5.13 MB|uhttps://publications.gc.ca/collections/collection_2025/aac-aafc/A51-140-1936-eng.pdf |